000 01578nam a22003857a 4500
003 CHAP
005 20220329143908.0
008 120626s2012 mx r 00010 spa d
010 _a103442
011 _a104414
035 _a115104
040 _cCHAP
090 _aTesis
100 1 _aLira Vargas, Alma Adela
_967064
245 1 0 _aCaracterización de película biodegradable a base de mucílago de nopal (Opuntia Spp.) y su empleo como recubrimiento en chirimoya y nectarina mínimamente procesada
_h[En línea]
_c/por Alma Adela Lira Vargas
260 _aChapingo, Méx. :
_bEl autor,
_c2012
500 _aPara ver el contenido del material haga clic en la liga
502 _aTesis (M.C. en Ciencia y Tecnología Agroalimentaria) -- UACH. Departamento de Ingeniería Agroindustrial
590 _aALEPH
_b10
_c20130110
_lUCH01
_h1545
590 _aBATCH-UPD
_b10
_c20130110
_lUCH01
_h1439
590 _aBATCH-UPD
_b10
_c20130410
_lUCH01
_h0802
590 _aBATCH-UPD
_b10
_c20130914
_lUCH01
_h0926
590 _aBATCH-UPD
_b10
_c20140324
_lUCH01
_h1531
590 _aBATCH-UPD
_b10
_c20141002
_lUCH01
_h0853
590 _aCONVERSION
_b10
_c20130109
_lUCH01
_h1357
650 0 4 _aChirimoya.
_922608
650 0 4 _aMucílagos.
_979255
650 0 4 _aNopal
_xAnálisis.
_981650
650 0 4 _aOpuntia.
_983387
856 _3Finding aid
_uhttp://10.13.5.2/tesis/115104.pdf
_zTeclea aqui
901 _aBK
942 _cFOLL
949 _aTesis
_bBC
_cTES
_d33724002325173
_eTS1
_gDonaciØn
_h53509
_i115104
_st
949 _aTesis
_bBC
_cTES
_d33724002325215
_eTS2
_fc.2
_gDonaciØn
_h53510
_i115104
_st
999 _c103442
_d103442